All Nations to Ever be Represented in a Champions League Final - Statistics

General Stats
  • This quiz has been taken 6,077 times
    919 since last reset
  • The average score is 48 of 68
Answer Stats
# of Times Represented Answer % Correct
139 England
99%
257 Spain
99%
209 Germany
98%
133 France
97%
267 Italy
96%
116 Portugal
95%
121 Netherlands
94%
1 Russia
91%
27 Sweden
90%
23 Belgium
89%
97 Brazil
88%
15 Ireland
88%
7 Norway
88%
46 Argentina
87%
61 Scotland
86%
24 Croatia
85%
4 Ukraine
84%
1 United States of America
84%
3 Finland
83%
9 Poland
83%
5 Turkey
83%
16 Denmark
82%
14 Greece
82%
5 Serbia
82%
5 Switzerland
82%
12 Wales
82%
6 Austria
81%
1 Canada
79%
2 Mexico
79%
4 Hungary
77%
28 Romania
77%
3 Slovenia
77%
11 Uruguay
77%
2 Colombia
76%
3 Egypt
76%
3 South Korea
76%
5 Czech Republic
75%
2 Morocco
75%
1 Chile
74%
2 Australia
72%
4 Bulgaria
72%
4 Senegal
71%
2 Northern Ireland
69%
2 Algeria
68%
5 Nigeria
68%
4 Bosnia and Herzegovina
67%
1 South Africa
67%
1 Peru
66%
1 Albania
64%
6 Cameroon
64%
2 Ecuador
64%
8 Ivory Coast
63%
7 Ghana
60%
1 Belarus
59%
1 Montenegro
53%
1 North Macedonia
53%
4 Costa Rica
50%
1 Democratic Republic of the Congo
48%
3 Georgia
48%
2 Armenia
45%
2 Mali
39%
33 Yugoslavia
37%
1 Angola
32%
1 Gabon
32%
1 Guinea
30%
1 Trinidad and Tobago
28%
1 San Marino
19%
2 Zimbabwe
14%
No matching quizzes found
Score Distribution
Percent of People with Each Score
Percentile by Number Answered
Your Score History
You have not taken this quiz since the last reset